Statistics for Všetky mestá Slovenska s populáciou väčšou ako 10 000

Click here to take the quiz!

General Stats

  • This quiz has been taken 145 times
  • The average score is 49 of 72

Answers on the Map

Answers color-coded by a green-red scale on the quiz's map according to % correct below.
 

Answer Stats

PopuláciaMesto% Correct
437,726Bratislava
100%
238,593Košice
100%
78,084Banská Bystrica
96%
65,033Trnava
96%
88,464Prešov
94%
76,533Nitra
93%
51,235Poprad
93%
55,383Trenčín
93%
80,727Žilina
93%
31,000Liptovský Mikuláš
87%
54,168Martin
85%
33,751Komárno
81%
26,558Ružomberok
81%
37,007Spišská Nová Ves
78%
42,167Zvolen
78%
20,071Nové Mesto nad Váhom
76%
32,293Bardejov
74%
22,684Dunajská Streda
74%
32,834Humenné
74%
38,776Michalovce
74%
37,512Nové Zámky
74%
27,336Piešťany
74%
39,270Považská Bystrica
74%
23,751Rimavská Sobota
74%
32,735Levice
72%
20,289Senica
72%
24,785Topoľčany
72%
23,941Čadca
70%
18,665Dolný Kubín
70%
27,739Lučenec
70%
11,514Myjava
69%
23,034Pezinok
69%
19,963Senec
69%
19,520Snina
69%
10,004Banská Štiavnica
67%
20,889Brezno
67%
23,550Dubnica nad Váhom
67%
16,346Kežmarok
67%
17,467Malacky
67%
45,634Prievidza
67%
17,561Púchov
67%
14,990Galanta
65%
21,301Hlohovec
65%
15,022Skalica
65%
10,752Svidník
63%
24,649Trebišov
63%
22,269Partizánske
61%
10,186Štúrovo
61%
17,750Bánovce nad Bebravou
59%
12,700Sabinov
59%
21,689Šaľa
59%
15,444Sereď
59%
11,375Zlaté Moravce
59%
11,363Bytča
57%
14,722Levoča
57%
14,953Kysucké Nové Mesto
56%
22,245Vranov nad Topľou
56%
19,045Rožňava
54%
16,327Stará Ľubovňa
54%
18,852Žiar nad Hronom
54%
11,040Nová Dubnica
52%
10,438Stropkov
52%
10,568Fiľakovo
50%
11,156Holíč
50%
13,350Šamorín
50%
14,545Detva
48%
11,755Veľký Krtíš
48%
16,890Handlová
46%
10,586Kolárovo
44%
11,307Moldava nad Bodvou
44%
12,108Stupava
44%
11,949Revúca
43%

Score Distribution

Percentile by Number Answered

Percent of People with Each Score

Your Score History

You have not taken this quiz